000 00480nam a22001697a 4500
003 OSt
005 20220819132711.0
008 220819b |||||||| |||| 00| 0 eng d
040 _cIFM Library
082 _aOS 657
100 _aSymposium On Accounting Standards
_95937
245 _aSympossium On Accounting Standards
260 _bNational Board of Accounts & Auditors
_c1983
_aDar es Salaam,
300 _a211p.: ill.;19cm
650 _aAccounting
_9295
942 _cBK
_2ddc
_n0
999 _c16180
_d16180